| Tag |
First Indicator |
Second Indicator |
Subfields |
| LEADER |
00000cam a2200000Ii 4500 |
| 001 |
in00002259721 |
| 005 |
20151105092116.0 |
| 008 |
790607s1979 cc a 000 0 eng d |
| 020 |
|
|
|a 0876660812
|
| 020 |
|
|
|a 9780876660812
|
| 029 |
1 |
|
|a NZ1
|b 3573260
|
| 035 |
|
|
|a (OCoLC)ocm05045844
|
| 035 |
|
|
|a (OCoLC)5045844
|
| 040 |
|
|
|a ASL
|c ASL
|d OCL
|d OCLCQ
|d NZGPL
|d TXA
|d UtOrBLW
|
| 049 |
|
|
|a TXAM
|
| 082 |
1 |
4 |
|a 639.3752
|2 19
|
| 090 |
|
|
|a SF458.G6
|b G36 1979
|
| 100 |
1 |
|
|a Gannon, Robert.
|
| 245 |
1 |
0 |
|a Starting right with goldfish /
|c by Robert Gannon.
|
| 264 |
|
1 |
|a Hong Kong ;
|a Neptune, N.J. :
|b T.F.H. Publications,
|c [1979]
|
| 264 |
|
4 |
|c ©1979
|
| 300 |
|
|
|a 64 pages :
|b illustrations (some color) ;
|c 21 cm.
|
| 336 |
|
|
|a text
|b txt
|2 rdacontent
|
| 337 |
|
|
|a unmediated
|b n
|2 rdamedia
|
| 338 |
|
|
|a volume
|b nc
|2 rdacarrier
|
| 536 |
|
|
|a Given to the Library By Mr. Brett Thompson, June 2007.
|
| 650 |
|
0 |
|a Goldfish.
|
| 948 |
|
|
|a cataloged
|b h
|c 2007/8/2
|d c
|e ceaton
|f 9:33:20 am
|
| 994 |
|
|
|a C0
|b TXA
|
| 999 |
|
|
|a MARS
|
| 999 |
f |
f |
|s 18d12e31-c5ae-32f3-91d9-5187a476543c
|i 30d1c6d4-d866-3ea4-8f55-3ebc4cc51b78
|t 0
|
| 952 |
f |
f |
|p ric
|a Texas A&M University
|b Rellis Campus
|c Joint Library Facility
|d Remote Storage
|t 0
|e SF458.G6 G36 1979
|h Library of Congress classification
|i unmediated -- volume
|m A14836313307
|
| 998 |
f |
f |
|a SF458.G6 G36 1979
|t 0
|l Remote Storage
|